The plundered planet : (Record no. 14035)
[ view plain ]
| 000 -LEADER | |
|---|---|
| fixed length control field | 01110cam a2200241 a 4500 |
| 001 - CONTROL NUMBER | |
| control field | 15989663 |
| 003 - CONTROL NUMBER IDENTIFIER | |
| control field | PACU |
| 005 - DATE AND TIME OF LATEST TRANSACTION | |
| control field | 20150211151551.0 |
| 008 - FIXED-LENGTH DATA ELEMENTS--GENERAL INFORMATION | |
| fixed length control field | 091119s2010 enk b 001 0 eng |
| 010 ## - LIBRARY OF CONGRESS CONTROL NUMBER | |
| LC control number | 2009047333 |
| 020 ## - INTERNATIONAL STANDARD BOOK NUMBER | |
| International Standard Book Number | 9780195395259 (cloth : acidfree paper) |
| 040 ## - CATALOGING SOURCE | |
| Original cataloging agency | PACU |
| Transcribing agency | PACU |
| Language of cataloging | eng |
| 050 00 - LIBRARY OF CONGRESS CALL NUMBER | |
| Classification number | HC 85 |
| Item number | .C656 2010 |
| 100 1# - MAIN ENTRY--PERSONAL NAME | |
| Personal name | Collier, Paul. |
| 245 14 - TITLE STATEMENT | |
| Title | The plundered planet : |
| Remainder of title | why we must, and how we can, manage nature for global prosperity / |
| Statement of responsibility, etc. | Paul Collier. |
| 260 ## - PUBLICATION, DISTRIBUTION, ETC. (IMPRINT) | |
| Place of publication, distribution, etc. | Oxford ; |
| -- | New York : |
| Name of publisher, distributor, etc. | Oxford University Press, |
| Date of publication, distribution, etc. | 2010. |
| 300 ## - PHYSICAL DESCRIPTION | |
| Extent | xv, 271 p. ; |
| Dimensions | 22 cm. |
| 504 ## - BIBLIOGRAPHY, ETC. NOTE | |
| Bibliography, etc | Includes bibliographical references (p. [245]-247) and index. |
| 505 0# - FORMATTED CONTENTS NOTE | |
| Formatted contents note | Poverty and plunder -- Is nature priceless? -- Cursed by nature? -- Discovering natural assets -- The capture of natural assets -- Selling the family silver -- Investing in investing -- Is a fish a natural asset? -- Natural liabilities -- Romance and hunger -- Restoring natural order. |
| 650 #0 - SUBJECT ADDED ENTRY--TOPICAL TERM | |
| Topical term or geographic name as entry element | Natural resources |
| General subdivision | Management. |
| 650 #0 - SUBJECT ADDED ENTRY--TOPICAL TERM | |
| Topical term or geographic name as entry element | Sustainable development. |
| 942 ## - ADDED ENTRY ELEMENTS (KOHA) | |
| Source of classification or shelving scheme | Library of Congress Classification |
| Koha item type | General books |
| Classification part | HC 85 |
| Item part | .C656 |
| Call number suffix | 2010 |
| Withdrawn status | Lost status | Damaged status | Not for loan | Home library | Current library | Date acquired | Total Checkouts | Total Renewals | Full call number | Barcode | Date last seen | Date checked out | Price effective from | Koha item type | Source of classification or shelving scheme | Shelving location | Source of acquisition | Copy number |
|---|---|---|---|---|---|---|---|---|---|---|---|---|---|---|---|---|---|---|
| PAC UNIVERSITY | PAC UNIVERSITY | 13/03/2014 | 7 | 1 | HC 85.C656 2010 | 18661 | 04/10/2019 | 20/09/2019 | 13/03/2014 | General books | ||||||||
| PAC UNIVERSITY | PAC UNIVERSITY | 10/11/2020 | HC 85 .C656 2010 C.2 | 26144 | 10/11/2020 | 10/11/2020 | General books | Library of Congress Classification | General Stacks | Donation | C.2 |